Vegedream - Ramenez la coupe à la maison Paroles - Statistiques

Statistiques générales
  • Ce quiz a été pris 85 fois
  • Le résultat moyen est 316 sur 399
Statistiques - réponses
Paroles % Correct
a
98%
à
98%
c
98%
Ramenez
98%
coupe
97%
la
97%
La
97%
ou
97%
le
95%
Le
95%
Mais
95%
on
95%
On
95%
s
95%
Allez
94%
allez
94%
bleus
94%
de
94%
est
94%
les
94%
maison
94%
20
88%
ans
88%
après
88%
Kanté
88%
Mbappé
88%
des
86%
Dembélé
85%
Kylian
85%
N'Golo
85%
champion
83%
J
83%
j
83%
moment
83%
gauche
82%
Ousmane
82%
Pogba
82%
ça
80%
Ça
80%
comme
80%
ensemble
80%
deux
77%
Griezmann
77%
pieds
77%
si
77%
tire
77%
sais
75%
droitier
74%
Paul
74%
Umtiti
74%
Casse
72%
démarche
72%
droite
72%
gaucher
72%
il
72%
Je
72%
plus
72%
Samuel
72%
Kimpembe
71%
suis
71%
Deschamps
68%
(Matuidi)
68%
Matuidi
68%
Paulo
68%
appelle?
66%
Benjamin
65%
comment
65%
Comment
65%
Didier
65%
Maestro
65%
Giroud
63%
petit
63%
pont
63%
Mendy
62%
merci
62%
Vegedream
62%
Blaise
60%
Et
60%
frappe
60%
y
60%
Lloris
58%
Pavard
58%
Pioche
58%
Antoine
57%
beaucoup
57%
Hernandez
57%
Nzonzi
57%
toujours
57%
virgule
57%
Rami
55%
Thauvin
55%
Varane
55%
Accélération
54%
crochet
54%
peut
52%
appeler
51%
Avec
48%
lui
48%
milieu
48%
Olivier
48%
jambe
46%
Mandanda
46%
Raphaël
46%
serein
46%
Flo
45%
Passement
45%
Areola
43%
contrôle
43%
drah
43%
Qui
43%
terrain?
43%
pénalty
42%
Tolisso
42%
attaquant
40%
Fékir
40%
Sidibé
40%
assuré
34%
Nabil
34%
défenseur
32%
Lemar
29%
Thomas
29%
yeah
26%
Gagnoa
15%
Aucun quiz correspondant
Distribution des résultats
% des personnes avec chaque résultat
Percentile par nombre de réponses
Votre historique - résultats
Vous n’avez pas pris ce quiz